Alle PDC Darts Turniersieger 1995 - Statistiken

Allgemein
  • Dieses Quiz wurde 30 mal gespielt
  • Das Durchschnittsergebnis liegt bei 4 aus 5
Antwortstatistiken
Turnier Land Dartsspieler % Korrekt
Antwerp Open England Dennis Priestley
100%
World Darts Championship England Phil Taylor
100%
World Matchplay England Phil Taylor
100%
PDC UK Matchplay England Alan-Warriner-Little
71%
WDC National Pro Dart League England Dennis Smith
35%
Keine übereinstimmenden Quizze gefunden
Verteilung der Resultate
Anzahl Personen mit jedem Resultat
Perzentil nach korrekt beantworteten Fragen
Ihre Resultats-Entwicklung
Sie haben dieses Quiz noch nicht gespielt